|
|
|
|
| LEADER |
01599nam a2200397 4500 |
| 001 |
on1102404109 |
| 003 |
OCoLC |
| 005 |
20200326101201.0 |
| 006 |
m o d |
| 007 |
cr cnu---unuuu |
| 008 |
190524s2019 enk o 000 0 eng d |
| 040 |
|
|
|a OPELS
|b eng
|e rda
|e pn
|c OPELS
|d UKMGB
|d OCLCF
|d UKAHL
|d YDXIT
|d GrThAP
|
| 015 |
|
|
|a GBB964008
|2 bnb
|
| 016 |
7 |
|
|a 019348820
|2 Uk
|
| 020 |
|
|
|a 9780081028599
|q electronic book
|
| 020 |
|
|
|a 0081028598
|q electronic book
|
| 020 |
|
|
|a 9780081028582
|q print
|
| 035 |
|
|
|a (OCoLC)1102404109
|
| 050 |
|
4 |
|a QD96.N8
|b A56 2019
|
| 082 |
0 |
4 |
|a 543/.66
|2 23
|
| 245 |
0 |
0 |
|a Annual reports on NMR spectroscopy.
|n Volume ninety seven /
|c edited by Graham A. Webb.
|
| 250 |
|
|
|a First edition.
|
| 264 |
|
1 |
|a London, United Kingdom ;
|a Cambridge, MA, United States :
|b Academic Press,
|c 2019.
|
| 300 |
|
|
|a 1 online resource.
|
| 336 |
|
|
|a text
|b txt
|2 rdacontent
|
| 337 |
|
|
|a computer
|b c
|2 rdamedia
|
| 338 |
|
|
|a online resource
|b cr
|2 rdacarrier
|
| 490 |
1 |
|
|a Annual reports on NMR spectroscopy ;
|v volume 97
|
| 588 |
|
|
|a Description based on online resource; title from digital title page (viewed on January 27, 2020).
|
| 650 |
|
0 |
|a Nuclear magnetic resonance spectroscopy.
|
| 650 |
|
7 |
|a Nuclear magnetic resonance spectroscopy.
|2 fast
|0 (OCoLC)fst01040333
|
| 655 |
|
4 |
|a Electronic books.
|
| 700 |
1 |
|
|a Webb, G. A.
|q (Graham Alan),
|d 1935-
|e editor.
|
| 776 |
0 |
8 |
|i Print version :
|z 9780081028582
|
| 830 |
|
0 |
|a Annual reports on NMR spectroscopy ;
|v v. 97.
|
| 856 |
4 |
0 |
|3 ScienceDirect
|u https://www.sciencedirect.com/science/bookseries/00664103/97
|z Full Text via HEAL-Link
|